| 000 | 00631nam a2200205 a 4500 | ||
|---|---|---|---|
| 005 | 20210219160309.0 | ||
| 008 | 081007s1989 mx r 000 0 spa d | ||
| 020 | _a9806226062 | ||
| 035 | _aUPN01000162708 | ||
| 049 | _aUNE | ||
| 080 | _a378 (729.86) =20 "1989" LAY | ||
| 100 | 1 | _aLayne, Anthony | |
| 245 | 1 | 0 |
_aHigher education in Barbados / _cAnthony Layne. |
| 260 |
_aCaracas : _bCRESALC, _c1989. |
||
| 300 |
_a92 p. ; _bil., fot. |
||
| 440 | 0 | _aMonografía | |
| 690 | _aEnseñanza superior- Barbados | ||
| 710 | 2 | _aCRESALC. Centro Regional para la Educación Superior en América Latina y el Caribe. | |
| 905 | _aUNESCO | ||
| 999 |
_c134821 _d134821 |
||